| 000 | 01188nam a2200325 c 4500 | ||
|---|---|---|---|
| 003 | BLK | ||
| 005 | 20180422105222.0 | ||
| 008 | 180409b bul|||||r ||||||| ||bul|| | ||
| 010 | _aKNG00103747000 | ||
| 040 | _aBLK | ||
| 041 |
_aBUL _cBUL |
||
| 080 |
_aНемска литература _b821.112.2 _x-31 _z821.112.2-31 |
||
| 700 | 1 |
_aМарлит, Евгения _e* _9374479 |
|
| 100 | 1 |
_aМарлит, Йожени _eпърви автор _9307788 |
|
| 139 |
_aМарлит, Евгения _bМ 32 |
||
| 245 | 1 | 0 |
_aРоби на любовта _bРоман _c* Евгения Марлит; Йожени Марлит. |
| 250 | _a[2. изд.] | ||
| 257 | _aDEU | ||
| 260 |
_аПловдив _bХермес _c1992 _fВ. Търново : Абагар |
||
| 300 |
_a174 с. _c20 см |
||
| 380 | _aX | ||
| 490 | 1 |
_a31 забравени любовни романи _v5 |
|
| 500 | _aАвт. известна като Евгения Марлит. | ||
| 653 | _aромантична проза | ||
| 852 | _aЦб 167767 | ||
| 856 | 4 |
_qpdf _u |
|
| 856 | 4 |
_qpdf _u |
|
| 942 |
_cKNG _n0 |
||
| 944 |
_aCR _c01.01.1999 _lф / _kЛюдмила_Стоянова |
||
| 944 |
_aED _c24.10.2017 _lф / _kВиолета_Тройчева |
||
| 999 |
_c98796 _d98796 |
||